| 000 | 00558nam a2200133Ia 4500 | ||
|---|---|---|---|
| 008 | 220620s9999||||xx |||||||||||||| ||und|| | ||
| 022 | _a16648714 | ||
| 100 | _aAnna Abraham | ||
| 245 | 0 | _aMadness and Creativity: Yes, No or Maybe? | |
| 546 | _aEnglish[eng] | ||
| 650 | _adivergent thinking||neuropsychiatry||mental wellbeing||mental illness||psychopathology||neuropsychology||creative thinking||creativity||psychosis||psychiatric disorders | ||
| 856 | _uhttp://journal.frontiersin.org/researchtopic/2168/madness-and-creativity-yes-no-or-maybe | ||
| 942 | _cEB | ||
| 999 |
_c25406 _d25406 |
||